000 00673nam a2200229 i 4500
003 OSt
005 20151103183308.0
008 921021s1990 sp | | spa d
020 _a84-7765-031-4
040 _cBMC
082 _a891.7
100 1 _aBerberova, Nina
_d1901-1993
_936916
245 1 3 _aLa resurrección de Mozart
_cNina Berberova; traducción, José Manuel Alvarez-Flórez
250 _a1ª ed
260 _aBarcelona
_bCirce
_c1990
300 _a188 p.
_c21 cm
490 _aNarrativa Circe
595 _aTraducción de: La résurrection de mozart
650 2 4 _929314
_aNovela rusa
700 1 _aÁlvarez Flórez, José Manuel
_930444
942 _2ddc
_cBK
999 _c23122
_d23122